000 00284nam a22001337a 4500
008 181019b xxu||||| |||| 00| 0 eng d
020 _a9780314156334
041 _aeng
080 _a340
100 _a15
101 _aSHJ
245 _aLegal Ethics
_cMorgan,Th.D
942 _2udc
_cBK
999 _c50258
_d50258